logo

Bir Sreshtho Munshi Abdur Rouf Library
Jhenaidah Cadet College

Twelfth night notes, including scene by scene synopsis, character sketches, selected examination questions and answers / (Record no. 10470)

MARC details
000 -LEADER
fixed length control field 00709nam a22002297a 4500
001 - CONTROL NUMBER
JCCL Control Number 10470
003 - CONTROL NUMBER IDENTIFIER
JCCL marc code BD-JhCC
005 - DATE AND TIME OF LATEST TRANSACTION
control field 20180430124454.0
008 - FIXED-LENGTH DATA ELEMENTS--GENERAL INFORMATION
fixed length control field 180430b1960 usa |||| |||| 000 0 eng d
035 ## - SYSTEM CONTROL NUMBER
system control number (BD-JhCC)10470
040 ## - CATALOGING SOURCE
Original cataloging agency BD-JhCC
Modifying agency BD-JhCC
041 ## - LANGUAGE CODE
Language code of Book eng
082 ## - DEWEY DECIMAL CLASSIFICATION NUMBER
Author mark and Year HIL 1960
Classification number 822.33
100 ## - MAIN ENTRY--PERSONAL NAME
Personal name Hillegass, Clifton K.
245 ## - TITLE STATEMENT
Title Twelfth night notes, including scene by scene synopsis, character sketches, selected examination questions and answers /
Statement of responsibility, etc Clifton K. Hillegass,
260 ## - PUBLICATION, DISTRIBUTION, ETC. (IMPRINT)
Place of publication, distribution, etc Lincoln :
Name of publisher, distributor, etc Cliff's Notes,
Date of publication, distribution, etc 1960.
300 ## - PHYSICAL DESCRIPTION
Pagination 70 p. :
Dimensions 19 cm.
504 ## - BIBLIOGRAPHY, ETC. NOTE
Bibliography, etc Includes bibliogarphy
650 ## - SUBJECT ADDED ENTRY--TOPICAL TERM
Topical term or geographic name as entry element Twelfth night (Shakespeare, William)
942 ## - ADDED ENTRY ELEMENTS (KOHA)
Source of classification or shelving scheme Dewey Decimal Classification
Koha item type Books
Holdings
Source of classification or shelving scheme Damaged status Not for loan Home library Current library Shelving location Date of accession Cost, normal purchase price Total Checkouts Full call number Barcode Date last seen Copy number Koha item type
Dewey Decimal Classification     JCC Rouf Library JCC Rouf Library General Stacks 04/30/2018 1.00   822.33 HIL 1960 14077 04/30/2018 C-1 Books

JCC Library | Contacts | JCC Home

Last Update on 23 September 2017
Copyright @ 2017-2020 JCC Rouf Library
Rouf Library, Jhenidah Cadet College (JCC), Bangladesh